Novyje javlenija v oblasti glagolnogo slivoobrazovanija v ruskom jazyku

Článok pojednáva o trendoch v oblasti moderného slovesného tvorenia v ruskom jazyku. Autor skúma najmä aktívne tvorenie slovies z anglických koreňov, odhaľuje ruské jazykové špecifiká: používanie vlastných afixov a odvodzovacích modelov. Anglický vplyv na ruský jazyk sa prejavuje aj v tlaku konverzi...

ver descrição completa

Na minha lista:
Detalhes bibliográficos
Autor principal: Markova, Elena, 1960-
Formato: Capítulo de Livro
Idioma:russo
Assuntos:
Tags: Adicionar Tag
Sem tags, seja o primeiro a adicionar uma tag!

MARC

LEADER 00000naa a2200000 4500
001 0308070
005 20250410075410.5
041 0 |a rus 
044 |a SK 
245 1 0 |a Novyje javlenija v oblasti glagolnogo slivoobrazovanija v ruskom jazyku  |c Elena Markova 
520 |a Článok pojednáva o trendoch v oblasti moderného slovesného tvorenia v ruskom jazyku. Autor skúma najmä aktívne tvorenie slovies z anglických koreňov, odhaľuje ruské jazykové špecifiká: používanie vlastných afixov a odvodzovacích modelov. Anglický vplyv na ruský jazyk sa prejavuje aj v tlaku konverzie ako metódy odvodzovania. Medzi ďalšie nové javy v oblasti slovesnej slovotvorby patrí tendencia smerom k univerbácii sa zaznamenáva používanie kratších prípon a aktívne vytváranie pasívnych foriem. 
610 2 0 |a slovotvorba 
610 2 0 |a jazykoveda 
610 2 0 |a ruština 
610 2 0 |a kultúra 
100 1 |a Markova, Elena, 1960-